<?xml version="1.0" encoding="UTF-8"?>
<record
    xmlns:xsi="http://www.w3.org/2001/XMLSchema-instance"
    xsi:schemaLocation="http://www.loc.gov/MARC21/slim http://www.loc.gov/standards/marcxml/schema/MARC21slim.xsd"
    xmlns="http://www.loc.gov/MARC21/slim">

  <leader>03832nam a2200361 a 4500</leader>
  <controlfield tag="001">000014124</controlfield>
  <controlfield tag="003">DO-SdBNP</controlfield>
  <controlfield tag="005">20250128123754.0</controlfield>
  <controlfield tag="007">ta</controlfield>
  <controlfield tag="008">091204s2009    dr a          001 0cspa d</controlfield>
  <datafield tag="020" ind1=" " ind2=" ">
    <subfield code="a">9789945406962</subfield>
  </datafield>
  <datafield tag="040" ind1=" " ind2=" ">
    <subfield code="a">DO-SdBNP</subfield>
    <subfield code="b">spa</subfield>
    <subfield code="c">BNPHU</subfield>
  </datafield>
  <datafield tag="082" ind1=" " ind2="4">
    <subfield code="a">923.77293687</subfield>
    <subfield code="b">E82c</subfield>
    <subfield code="2">22</subfield>
  </datafield>
  <datafield tag="100" ind1="1" ind2=" ">
    <subfield code="a">Estrella Guzm&#xE1;n, Hugo,</subfield>
    <subfield code="d">1942-</subfield>
    <subfield code="9">31953</subfield>
  </datafield>
  <datafield tag="245" ind1="1" ind2="0">
    <subfield code="a">Cien maestros veganos /</subfield>
    <subfield code="c">Hugo Estrella Guzm&#xE1;n, Fausto Mota Garc&#xED;a ; pr&#xF3;logo Bruno Rosario Candelier ; presentaci&#xF3;n Melanio Paredes P.</subfield>
  </datafield>
  <datafield tag="260" ind1=" " ind2=" ">
    <subfield code="a">Santo Domingo :</subfield>
    <subfield code="b">Alfa y Omega,</subfield>
    <subfield code="c">2009.</subfield>
  </datafield>
  <datafield tag="300" ind1=" " ind2=" ">
    <subfield code="a">v. :</subfield>
    <subfield code="b">il. ;</subfield>
    <subfield code="c">23 cm.</subfield>
  </datafield>
  <datafield tag="500" ind1=" " ind2=" ">
    <subfield code="a">Incluye &#xED;ndice onom&#xE1;stico</subfield>
  </datafield>
  <datafield tag="500" ind1=" " ind2=" ">
    <subfield code="a">La biblioteca posee el volumen 1</subfield>
  </datafield>
  <datafield tag="505" ind1="0" ind2=" ">
    <subfield code="t">Presentaci&#xF3;n --</subfield>
    <subfield code="t">Dedicatoria --</subfield>
    <subfield code="t">Presentaci&#xF3;n --</subfield>
    <subfield code="t">Agradecimiento --</subfield>
    <subfield code="t">Pr&#xF3;logo --</subfield>
    <subfield code="t">Pertinencia de la obra --</subfield>
    <subfield code="t">Prefacio a la primera edici&#xF3;n --</subfield>
    <subfield code="t">Biograf&#xED;as --</subfield>
    <subfield code="g">Primera etapa 1844-1899 --</subfield>
    <subfield code="t">Introducci&#xF3;n a la primera etapa --</subfield>
    <subfield code="t">Federico Garc&#xED;a Godoy (a) don Fico --</subfield>
    <subfield code="t">Juana Dolores G&#xF3;mez Grater&#xF3; --</subfield>
    <subfield code="t">Don Manuel Ubaldo G&#xF3;mez y Moya --</subfield>
    <subfield code="t">Luis Alberto Weber --</subfield>
    <subfield code="t">Joaqu&#xED;n Arismendy Robiou y Moya (a) don Mendito --</subfield>
    <subfield code="t">Mons. Dr. Giovanny Francesco Fantico Falco --</subfield>
    <subfield code="t">M&#xE1;ximo Antonio &#xC1;lvarez Reyes (a) don Pepe --</subfield>
    <subfield code="t">Don Carlos Mar&#xED;a S&#xE1;nchez Gratereaux --</subfield>
    <subfield code="t">Juan Luis Despradel Piantini --</subfield>
    <subfield code="t">Emilia Pineda L&#xB4;Oiseau vda. Fern&#xE1;ndez --</subfield>
    <subfield code="t">Manuel Acevedo Serrano --</subfield>
    <subfield code="t">Graciela Inocencia Brache Ram&#xED;rez (a) Gach&#xE9;n --</subfield>
    <subfield code="t">Joaqu&#xED;n Ram&#xF3;n G&#xF3;mez Fern&#xE1;ndez --</subfield>
    <subfield code="t">Mar&#xED;a Dolores Morilla y Alm&#xE1;nzar (a) Lola --</subfield>
    <subfield code="t">Luis Ernesto G&#xF3;mez Uribe --</subfield>
    <subfield code="t">Adelaida Rosa Boddeen vda. Morilla --</subfield>
    <subfield code="t">Rosa Yang&#xFC;ela vda. Billini (a) Rosita --</subfield>
    <subfield code="t">Mar&#xED;a de la Antig&#xFC;a Casta&#xF1;os P&#xE9;rez de Perez (a) Antig&#xFC;ita --</subfield>
    <subfield code="t">Rafael Emilio Mart&#xED;nez Alba (a) Fellito --</subfield>
    <subfield code="t">Tel&#xE9;sforo Rafael Calder&#xF3;n --</subfield>
    <subfield code="t">Violeta Espaillat Brache --</subfield>
    <subfield code="g">Segunda etapa 1900-1929 --</subfield>
    <subfield code="t">Introduci&#xF3;n a la segunda etapa --</subfield>
    <subfield code="t">Mario Eur&#xED;spides Fern&#xE1;ndez --</subfield>
    <subfield code="t">Antonia &#xC1;lvarez Abreu (a) To&#xF1;ita --</subfield>
    <subfield code="t">Rhina Espaillat Brache (a) miss Rhina --</subfield>
    <subfield code="t">Homero Andr&#xE9;s Berrido Glass --</subfield>
    <subfield code="t">Ram&#xF3;n Del Orbe y Del Orbe --</subfield>
    <subfield code="t">Julio Ernesto Concepci&#xF3;n Luciano --</subfield>
    <subfield code="t">Domitila Grull&#xF3;n Garc&#xED;a de Lora (a) Mitila --</subfield>
    <subfield code="t">Bol&#xED;var Berrido Taveras --</subfield>
    <subfield code="t">Estela Despradel Brache Vda. Brache (a) Bit&#xED;n --</subfield>
    <subfield code="t">Judith Antonia Hernando de la Mota (a) Ninina --</subfield>
    <subfield code="t">Lina Magdalena Longo Minervino --</subfield>
    <subfield code="t">Matilde Vi&#xF1;as Rodr&#xED;guez de Robiou (a) Matit&#xED; --</subfield>
    <subfield code="t">Aura Violeta Hernando de la Mota (a) Madame --</subfield>
  </datafield>
  <datafield tag="505" ind1="0" ind2=" ">
    <subfield code="t">Francisco Javier Abreu Alm&#xE1;nzar --</subfield>
    <subfield code="t">Arnold Mackenzie (a) Mr. Mackenzie --</subfield>
    <subfield code="t">Porfirio de los Santos Almarante --</subfield>
    <subfield code="t">Mercedes Morel Holgu&#xED;n (a) Mercedita --</subfield>
    <subfield code="t">A&#xED;da Mercedes G&#xF3;mez &#xC1;lvarez de Moya --</subfield>
    <subfield code="t">Andrea Modesto Estrella de P&#xE9;rez --</subfield>
    <subfield code="t">Ysmenia Mu&#xF1;oz Pe&#xF1;a vda. Hernando --</subfield>
    <subfield code="t">Nieves Mar&#xED;a Mercedes Valerio Mart&#xED;nez (a) dona Nieves --</subfield>
    <subfield code="t">Josefa Estela G&#xF3;mez Hernando de Hern&#xE1;ndez (a) la China --</subfield>
    <subfield code="t">Tom&#xE1;s de Jes&#xFA;s Sald&#xED;var Rojas --</subfield>
    <subfield code="t">Jos&#xE9; Antonio G&#xFA;zman Fabi&#xE1;n (a) To&#xF1;ito --</subfield>
    <subfield code="t">Guillermo Antonio Sald&#xED;var Tejada --</subfield>
    <subfield code="g">Tercera etapa 1930-1961 --</subfield>
    <subfield code="t">Introducci&#xF3;n a la tercera etapa --</subfield>
    <subfield code="t">William Almonte y Almonte --</subfield>
    <subfield code="t">Socorro Mart&#xED;nez V&#xE1;squez --</subfield>
    <subfield code="t">Mar&#xED;a Felipa J&#xE1;quez N&#xFA;&#xF1;ez (a) Mari&#xED;ta --</subfield>
    <subfield code="t">Alberta Cecilia Custodio Neris (a) Berta --</subfield>
    <subfield code="t">Bibliograf&#xED;a --</subfield>
    <subfield code="t">&#xCD;ndice onom&#xE1;stico y de top&#xF3;nimos.</subfield>
  </datafield>
  <datafield tag="590" ind1=" " ind2=" ">
    <subfield code="a">Inventariado, 2020/VM</subfield>
  </datafield>
  <datafield tag="650" ind1=" " ind2="4">
    <subfield code="a">Maestros</subfield>
    <subfield code="z">Rep&#xFA;blica Dominicana, La Vega </subfield>
    <subfield code="v">Biograf&#xED;as </subfield>
    <subfield code="9">31954</subfield>
  </datafield>
  <datafield tag="650" ind1=" " ind2="4">
    <subfield code="a">Educaci&#xF3;n</subfield>
    <subfield code="z">Rep&#xFA;blica Dominicana, La Vega</subfield>
    <subfield code="x">Historia</subfield>
    <subfield code="9">31955</subfield>
  </datafield>
  <datafield tag="650" ind1=" " ind2="4">
    <subfield code="a">Personal docente</subfield>
    <subfield code="z">Rep&#xFA;blica Dominicana, La Vega</subfield>
    <subfield code="9">31956</subfield>
  </datafield>
  <datafield tag="650" ind1=" " ind2="4">
    <subfield code="a">Ciudades y pueblos</subfield>
    <subfield code="z">Rep&#xFA;blica Dominicana</subfield>
    <subfield code="9">784</subfield>
  </datafield>
  <datafield tag="651" ind1=" " ind2="0">
    <subfield code="a"> Concepci&#xF3;n de la Vega (Republica Dominicana )</subfield>
    <subfield code="9">2180</subfield>
  </datafield>
  <datafield tag="700" ind1="1" ind2="2">
    <subfield code="a">Mota Garc&#xED;a, Fausto,</subfield>
    <subfield code="d">1955-</subfield>
    <subfield code="9">31957</subfield>
  </datafield>
  <datafield tag="700" ind1="1" ind2="2">
    <subfield code="a">Rosario Candelier, Bruno,</subfield>
    <subfield code="d">1941-</subfield>
    <subfield code="e">pr&#xF3;l.</subfield>
    <subfield code="9">851</subfield>
  </datafield>
  <datafield tag="700" ind1="1" ind2="2">
    <subfield code="a">Paredes Pinales, Melanio,</subfield>
    <subfield code="d">1951-</subfield>
    <subfield code="9">31958</subfield>
  </datafield>
  <datafield tag="910" ind1=" " ind2=" ">
    <subfield code="a">Validado. Control de calidad MMOLINA</subfield>
  </datafield>
  <datafield tag="942" ind1=" " ind2=" ">
    <subfield code="2">ddc</subfield>
    <subfield code="c">LBS1</subfield>
  </datafield>
  <datafield tag="952" ind1=" " ind2=" ">
    <subfield code="0">0</subfield>
    <subfield code="1">0</subfield>
    <subfield code="2">ddc</subfield>
    <subfield code="5">6</subfield>
    <subfield code="7">0</subfield>
    <subfield code="8">DS</subfield>
    <subfield code="a">BNPHU</subfield>
    <subfield code="b">BNPHU</subfield>
    <subfield code="c">HD</subfield>
    <subfield code="d">2010-11-30</subfield>
    <subfield code="e">Dep&#xF3;sito Legal </subfield>
    <subfield code="l">0</subfield>
    <subfield code="o">BNPHU DS 923.77293687 E82c</subfield>
    <subfield code="p">14124-30</subfield>
    <subfield code="r">2020-06-25</subfield>
    <subfield code="t">v.1,e.3</subfield>
    <subfield code="w">2020-06-25</subfield>
    <subfield code="y">LBS1</subfield>
  </datafield>
  <datafield tag="952" ind1=" " ind2=" ">
    <subfield code="0">0</subfield>
    <subfield code="1">0</subfield>
    <subfield code="2">ddc</subfield>
    <subfield code="5">3</subfield>
    <subfield code="7">0</subfield>
    <subfield code="8">PD</subfield>
    <subfield code="a">BNPHU</subfield>
    <subfield code="b">BNPHU</subfield>
    <subfield code="c">HD</subfield>
    <subfield code="d">2009-12-04</subfield>
    <subfield code="e">Dep&#xF3;sito Legal </subfield>
    <subfield code="l">0</subfield>
    <subfield code="o">BNPHU PD 923.77293687 E82c</subfield>
    <subfield code="p">14124-10</subfield>
    <subfield code="r">2020-06-25</subfield>
    <subfield code="t">v.1</subfield>
    <subfield code="w">2020-06-25</subfield>
    <subfield code="y">LBS1</subfield>
  </datafield>
  <datafield tag="952" ind1=" " ind2=" ">
    <subfield code="0">0</subfield>
    <subfield code="1">0</subfield>
    <subfield code="2">ddc</subfield>
    <subfield code="5">3</subfield>
    <subfield code="7">0</subfield>
    <subfield code="8">PD</subfield>
    <subfield code="a">BNPHU</subfield>
    <subfield code="b">BNPHU</subfield>
    <subfield code="c">HD</subfield>
    <subfield code="d">2009-12-04</subfield>
    <subfield code="e">Dep&#xF3;sito Legal </subfield>
    <subfield code="l">0</subfield>
    <subfield code="o">BNPHU PD 923.77293687 E82c</subfield>
    <subfield code="p">14124-20</subfield>
    <subfield code="r">2020-06-25</subfield>
    <subfield code="t">v.1,e.2</subfield>
    <subfield code="w">2020-06-25</subfield>
    <subfield code="y">LBS1</subfield>
  </datafield>
  <datafield tag="952" ind1=" " ind2=" ">
    <subfield code="0">0</subfield>
    <subfield code="1">0</subfield>
    <subfield code="2">ddc</subfield>
    <subfield code="5">6</subfield>
    <subfield code="7">0</subfield>
    <subfield code="8">DS</subfield>
    <subfield code="a">BNPHU</subfield>
    <subfield code="b">BNPHU</subfield>
    <subfield code="c">HD</subfield>
    <subfield code="d">2021-08-26</subfield>
    <subfield code="l">0</subfield>
    <subfield code="o">BNPHU DS 923.77293687 E82c</subfield>
    <subfield code="p">2021-25752</subfield>
    <subfield code="r">2021-08-26</subfield>
    <subfield code="t">v.1,e.4</subfield>
    <subfield code="w">2021-08-26</subfield>
    <subfield code="y">LBS1</subfield>
  </datafield>
  <datafield tag="999" ind1=" " ind2=" ">
    <subfield code="c">13726</subfield>
    <subfield code="d">13726</subfield>
  </datafield>
</record>
